[Event "Hessen-ch Seniors op 01st"]
[Site "Bad Sooden-Allendorf"]
[Date "2005.04.24"]
[Round "3"]
[White "Reichel, Horst"]
[Black "Traeger, Margarete"]
[Result "1/2-1/2"]
[WhiteElo "1407"]
[BlackElo "1119"]
[PlyCount "26"]
[EventDate "2005.04.22"]
[EventType "swiss"]
[EventRounds "9"]
[EventCountry "GER"]
[SourceTitle "EXT 2007"]
[Source "ChessBase"]
[SourceDate "2006.11.23"]
[SourceVersion "1"]
[SourceVersionDate "2006.11.23"]
[SourceQuality "1"]

1. c4 c5 2. Nc3 a6 3. g3 e5 4. Bg2 d6 5. e4 Be7 6. Nge2 Nc6 7. 0-0 Bg4 8. f3 Bd7 9. d3 h6 10. Rb1 Nf6 11. a3 0-0 12. b4 Nd4 13. Nxd4 cxd4 1/2-1/2

[Event "Bad Sooden-Allendorf Seniors op 15th"]
[Site "Bad Sooden-Allendorf"]
[Date "2003.05.01"]
[Round "3"]
[White "Klose, Hans Peter"]
[Black "Reichel, Horst"]
[Result "1-0"]
[WhiteElo "1536"]
[BlackElo "1434"]
[PlyCount "86"]
[EventDate "2003.05.??"]
[EventType "swiss"]
[EventRounds "9"]
[EventCountry "GER"]
[SourceTitle "EXT 2006"]
[Source "ChessBase"]
[SourceDate "2005.11.24"]
[SourceVersion "1"]
[SourceVersionDate "2005.11.24"]
[SourceQuality "1"]

1. d4 Nf6 2. Nf3 e6 3. c4 b6 4. Nc3 Ba6 5. e3 d5 6. b3 Bb4 7. Bd2 0-0 8. a3 Bxc3 9. Bxc3 Ne4 10. Qc2 Nxc3 11. Qxc3 Qe7 12. Be2 Bb7 13. 0-0 Nd7 14. b4 Nf6 15. Rac1 Ne4 16. Qc2 c5 17. dxc5 bxc5 18. Bd3 f5 19. Qb2 cxb4 20. axb4 Qd7 21. cxd5 Bxd5 22. Bc4 Nf6 23. Bxd5 Nxd5 24. Qe5 Rf6 25. Rfd1 Qb7 26. b5 Rg6 27. Rc6 Re8 28. Rdc1 h6 29. Nd4 Qd7 30. Rd6 Qf7 31. Rcc6 Nb4 32. Rc3 Qf6 33. Qc5 Nd5 34. Rc1 Qg5 35. g3 Qe7 36. Rc6 Qxc5 37. R1xc5 Re7 38. Rc8+ Kh7 39. Nc6 Rb7 40. Ra8 Nb6 41. Rxa7 Rxa7 42. Nxa7 Rf6 43. Nc6 e5 1-0

[Event "Bad Sooden-Allendorf Seniors op 14th"]
[Site "Bad Sooden-Allendorf"]
[Date "2002.04.27"]
[Round "6"]
[White "Reichel, Horst"]
[Black "Vogel, Wolfgang"]
[Result "1/2-1/2"]
[WhiteElo "1465"]
[BlackElo "1650"]
[PlyCount "29"]
[EventDate "2002.04.??"]
[EventType "swiss"]
[EventRounds "9"]
[EventCountry "GER"]
[SourceTitle "EXT 2006"]
[Source "ChessBase"]
[SourceDate "2005.11.24"]
[SourceVersion "1"]
[SourceVersionDate "2005.11.24"]
[SourceQuality "1"]

1. c4 Nf6 2. Nc3 d5 3. d4 g6 4. e3 Bg7 5. Bd2 0-0 6. cxd5 Nxd5 7. Nxd5 Qxd5 8. Ne2 a6 9. Nf4 Qd6 10. a3 Re8 11. Rc1 e5 12. Bb4 Qd8 13. dxe5 Bxe5 14. Qxd8 Rxd8 15. Nd3 1/2-1/2

[Event "Bad Sooden-Allendorf Seniors op 14th"]
[Site "Bad Sooden-Allendorf"]
[Date "2002.04.22"]
[Round "1"]
[White "Buchholz, Karl Heinz"]
[Black "Reichel, Horst"]
[Result "1-0"]
[WhiteElo "1825"]
[BlackElo "1465"]
[PlyCount "93"]
[EventDate "2002.04.??"]
[EventType "swiss"]
[EventRounds "9"]
[EventCountry "GER"]
[SourceTitle "EXT 2006"]
[Source "ChessBase"]
[SourceDate "2005.11.24"]
[SourceVersion "1"]
[SourceVersionDate "2005.11.24"]
[SourceQuality "1"]

1. e4 c5 2. Nf3 d6 3. d4 cxd4 4. Nxd4 Nf6 5. Nc3 a6 6. Be2 e6 7. Be3 Be7 8. Qd2 Nc6 9. f4 Qc7 10. 0-0 0-0 11. Kh1 b5 12. Bf3 Bd7 13. Rfd1 Rac8 14. Nce2 Nxd4 15. Bxd4 Bc6 16. Ng3 e5 17. Bc3 Rfd8 18. Ba5 Qb7 19. Bxd8 Rxd8 20. Qe3 exf4 21. Qxf4 d5 22. e5 Ne4 23. Bxe4 dxe4 24. Nf5 Re8 25. Rf1 Bc5 26. Qg3 Bf8 27. Nh6+ Kh8 28. Nxf7+ Kg8 29. Nh6+ Kh8 30. Rf7 Qa8 31. Ng4 Re6 32. Raf1 Bc5 33. Ne3 Rg6 34. Qf4 h6 35. h4 Be8 36. Rc7 Bxe3 37. Qxe3 Kg8 38. Re1 Bf7 39. Qxe4 Qxe4 40. Rxe4 Bd5 41. Re2 Rg4 42. e6 Rxh4+ 43. Kg1 Re4 44. Rxe4 Bxe4 45. Rc8+ Kh7 46. e7 Bg6 47. e8Q 1-0